Data mining: multimedia, soft computing, and bioinformatics (Record no. 9897)

000 -LEADER
fixed length control field 00462 a2200157 4500
020 ## - INTERNATIONAL STANDARD BOOK NUMBER
International Standard Book Number 0471460540
040 ## - CATALOGING SOURCE
Original cataloging agency DLC
Language of cataloging DLC
082 00 - DEWEY DECIMAL CLASSIFICATION NUMBER
Classification number 006.3
100 1# - MAIN ENTRY--PERSONAL NAME
Personal name Mitra, Sushmita,
245 10 - TITLE STATEMENT
Title Data mining: multimedia, soft computing, and bioinformatics
Statement of responsibility, etc. Sushmita Mitra, Tinku Acharya.
260 ## - PUBLICATION, DISTRIBUTION, ETC.
Place of publication, distribution, etc. Hoboken, NJ :
Name of publisher, distributor, etc. John Wiley,
Date of publication, distribution, etc. 2003.
300 ## - PHYSICAL DESCRIPTION
Extent xviii, 401 p. :
Other physical details ill. ;
Dimensions 25 cm.
650 #0 - SUBJECT ADDED ENTRY--TOPICAL TERM
Topical term or geographic name entry element Data mining.
700 1# - ADDED ENTRY--PERSONAL NAME
Personal name Acharya, Tinku.
942 ## - ADDED ENTRY ELEMENTS (KOHA)
Koha item type Book
Call number prefix 006.3 MIT
Source of classification or shelving scheme
Holdings
Withdrawn status Lost status Damaged status Not for loan Collection code Permanent Location Current Location Shelving location Date acquired Source of acquisition Cost, normal purchase price Total Checkouts Total Renewals Full call number Barcode Date last seen Date last checked out Price effective from Koha item type
          Central Library (CL) Central Library (CL) First Floor - Artificial Intelligence/Data Mining 03/25/2005 Allied Book Company 6338.04 4 1 006.3 MIT SEECS005506 08/17/2021 08/10/2021 01/05/2017 Book
          Central Library (CL) Central Library (CL) First Floor - Artificial Intelligence/Data Mining 08/21/2004 Progressive International Agencies 263.55 2   006.3 MIT SEECS004691 10/30/2018 10/04/2018 01/05/2017 Book
© 2023 Central Library, National University of Sciences and Technology. All Rights Reserved.